Missing Word: Jamie Foxx Quiz Stats

 Plays Quiz Updated Apr 1, 2014

Challenge
Share
Tweet
Embed
Score 0/15 Timer 03:00
0 Plays Today
Movie Missing Word % Correct
_____ ViceMiami
91.2%
Law Abiding _____Citizen
90.7%
The _____ About Cats & DogsTruth
85.7%
Any Given _____Sunday
83.8%
_____ UnchainedDjango
80.2%
_____ House DownWhite
67.6%
Horrible _____Bosses
66.5%
I'm Still _____Here
57.3%
Movie Missing Word % Correct
_____ All the RulesBreakin'
43.9%
The Players _____Club
43.5%
_____ CallBooty
36.6%
The Great White _____Hype
27.7%
_____ DateDue
27.1%
_____ DayValentine's
16.7%
Redemption: The Stan _____ Williams StoryTookie
7.9%

Today's Daily Dose

You're not logged in!

Compare scores with friends on all Sporcle quizzes.
OR
Log In

You Might Also Like...

Show Comments

Extras

Top Quizzes Today


Score Distribution

Your Account Isn't Verified!

In order to create a playlist on Sporcle, you need to verify the email address you used during registration. Go to your Sporcle Settings to finish the process.

Report this User

Report this user for behavior that violates our Community Guidelines.

Details: